LIBRARY & INFORMATION CENTRE, KCAET, TAVANUR

ONLINE PUBLIC ACCESS CATALOGUE (OPAC)

Analysis of milk and its products: a lab manual (Record no. 13676)

MARC details
000 -LEADER
fixed length control field 00323nam a22001337a 4500
020 ## - INTERNATIONAL STANDARD BOOK NUMBER
ISBN 9788176221279
082 ## - DEWEY DECIMAL CLASSIFICATION NUMBER
Classification number 637.1
Item number MIL/AN
100 ## - MAIN ENTRY--AUTHOR NAME
Personal name Milk Industry Foundation
245 ## - TITLE STATEMENT
Title Analysis of milk and its products: a lab manual
250 ## - EDITION STATEMENT
Edition statement 2nd
260 ## - PUBLICATION, DISTRIBUTION, ETC. (IMPRINT)
Place of publication Delhi
Name of publisher Biotech Books
Year of publication 2012
300 ## - PHYSICAL DESCRIPTION
Number of Pages 630
942 ## - ADDED ENTRY ELEMENTS (KOHA)
Koha item type Reference
Holdings
Withdrawn status Lost status Damaged status Collection code Home library Current library Shelving location Date acquired Source of acquisition Cost, normal purchase price Full call number Accession Number Koha item type
      Reference KAUAET KAUAET Reference 31/03/2012 Universal Research Books, Thrissur 1790.00 637.1 MIL/AN 22582 Reference
free website counter